| 000 | 00902nam a2200253Ia 4500 | ||
|---|---|---|---|
| 999 |
_c5730 _d5730 |
||
| 003 | OSt | ||
| 005 | 20200325105826.0 | ||
| 008 | 191128s1973 mx gr 000 0 spa d | ||
| 020 | _a968130814X | ||
| 040 |
_aCO-JMCR _cCO-JMCR |
||
| 082 | 0 | 4 |
_a003 / _bW516e |
| 100 | 1 |
_aWest, Churchman, C., _eautor _91803 |
|
| 245 | 1 | 0 |
_aEl enfoque de sistemas / _cC. West Churchman ; traductor, Alberto García Mendoza |
| 250 | _aPrimera edición | ||
| 260 |
_aMéxico : _bDiana, _c1973 |
||
| 300 |
_a270 páginas ; _c 20 cm |
||
| 505 | _a¿Qué es un sistema? -- Aplicaciones de la ciencia de sistemas -- El enfoqe de sistemas en el futuro -- El enfoque de sitemas y el ser humano | ||
| 546 | _aspa | ||
| 650 | 1 | 4 |
_aAnálisis de sistemas _91155 |
| 650 | 2 | 4 |
_a Ciencia de sistemas _91804 |
| 650 | 2 | 4 |
_aSistemas y el ser humano _91805 |
| 700 | 1 |
_aGarcía Mendoza, Alberto, _e traductor _91806 |
|
| 942 |
_2ddc _cBK |
||